Microeconomics. (Record no. 11702)

MARC details
000 -LEADER
fixed length control field 00971cam a2200301 a 4500
001 - CONTROL NUMBER
control field 3842047
003 - CONTROL NUMBER IDENTIFIER
control field mut
005 - DATE AND TIME OF LATEST TRANSACTION
control field 20240606081205.0
008 - FIXED-LENGTH DATA ELEMENTS--GENERAL INFORMATION
fixed length control field 871231s1988 nyua 001 0 eng
010 ## - LIBRARY OF CONGRESS CONTROL NUMBER
LC control number 87033670
020 ## - INTERNATIONAL STANDARD BOOK NUMBER
International Standard Book Number 0060441046 (pbk.)
040 ## - CATALOGING SOURCE
Original cataloging agency DLC
Transcribing agency mut
Modifying agency DLC
050 00 - LIBRARY OF CONGRESS CALL NUMBER
Classification number HB171.5
Item number .L73325 1988b
082 00 - DEWEY DECIMAL CLASSIFICATION NUMBER
Classification number 338.5
Edition information 19
100 1# - MAIN ENTRY--PERSONAL NAME
Personal name Lipsey, Richard G.,
Dates associated with a name 1928-
240 10 - UNIFORM TITLE
Uniform title Economics.
Form subheading Selections
245 10 - TITLE STATEMENT
Title Microeconomics.
Number of part/section of a work Volume 1 of Economics.
250 ## - EDITION STATEMENT
Edition statement 6th ed. /
Remainder of edition statement Richard G. Lipsey, Douglas D. Purvis, Peter O. Steiner.
260 ## - PUBLICATION, DISTRIBUTION, ETC.
Place of publication, distribution, etc. New York :
Name of publisher, distributor, etc. Harper & Row,
Date of publication, distribution, etc. c1988.
300 ## - PHYSICAL DESCRIPTION
Extent xvi, 548, [50] p. :
Other physical details ill. ;
Dimensions 26 cm.
500 ## - GENERAL NOTE
General note Contains the chapters dealing with microeconomics of the authors' Economics.
500 ## - GENERAL NOTE
General note Includes index.
650 #0 - SUBJECT ADDED ENTRY--TOPICAL TERM
Topical term or geographic name entry element Microeconomics.
700 1# - ADDED ENTRY--PERSONAL NAME
Personal name Purvis, Douglas D.
700 1# - ADDED ENTRY--PERSONAL NAME
Personal name Steiner, Peter Otto,
Dates associated with a name 1922-
906 ## - LOCAL DATA ELEMENT F, LDF (RLIN)
a 7
b cbc
c orignew
d 1
e ocip
f 19
g y-gencatlg
942 ## - ADDED ENTRY ELEMENTS (KOHA)
Source of classification or shelving scheme Library of Congress Classification
Koha item type Books
Holdings
Withdrawn status Lost status Source of classification or shelving scheme Damaged status Not for loan Home library Current library Shelving location Date acquired Source of acquisition Total checkouts Full call number Barcode Date last seen Price effective from Koha item type
    Library of Congress Classification     Murang'a University of Technology Library Murang'a University of Technology Library General stacks 15/09/2017 Donation-TFC   HB171.5 .L73325 1988b 012306 30/08/2024 15/09/2017 Books